Statistiken für Österreich EM-Kader 2016

Klicken Sie hier um das Quiz zu spielen!

Allgemein

  • Dieses Quiz wurde 9 mal gespielt
  • Das Durchschnittsergebnis liegt bei 15 aus 24

Antwortstatistiken

HintHintAntwort% Korrekt
VerteidigungLeicester CityChristian Fuchs
100%
MittelfeldBayern MünchenDavid Alaba
100%
SturmStoke CityMarko Arnautovic
100%
VerteidigungDinamo KievAleksandar Dragovic
89%
TorwartEintracht FrankfurtHeinz Lindner
89%
MittelfeldSchalke 04Alessandro Schöpf
78%
TrainerMarcel Koller
78%
MittelfeldRB LeipzigMarcel Sabitzer
78%
MittelfeldRB LeipzigStefan Ilsanker
78%
VerteidigungVfB StuttgartFlorian Klein
67%
TorwartAustria WienRobert Almer
67%
VerteidigungWatfordSebastian Prödl
67%
MittelfeldWerder BremenZlatko Junuzovic
67%
SturmFC BaselMarc Janko
56%
MittelfeldVfB StuttgartMartin Harnik
56%
VerteidigungMönchengladbachMartin Hinteregger
56%
TorwartFC IngolstadtRamazan Özcan
56%
MittelfeldMainz 05Julian Baumgartlinger
44%
VerteidigungTottenham HotspurKevin Wimmer
44%
SturmFC IngolstadtLukas Hinterseer
44%
Sturm1860 MünchenRubin Okotie
33%
VerteidigungSV DarmstadtGyörgy Garics
22%
MittelfeldFC LuzernJakob Jantscher
22%
VerteidigungFC IngolstadtMarkus Suttner
22%

Verteilung der Resultate

Perzentil nach korrekt beantworteten Fragen

Anzahl Personen mit jedem Resultat

Ihre Resultats-Entwicklung

Sie haben dieses Quiz noch nicht gespielt